Lifelong Learning Policies for Young Adults in Europe (Record no. 63731)
[ view plain ]
| 000 -LEADER | |
|---|---|
| fixed length control field | 01749nam a2200265Ii 4500 |
| 008 - FIXED-LENGTH DATA ELEMENTS--GENERAL INFORMATION | |
| fixed length control field | 221202s xx 000 0 und d |
| 245 #0 - TITLE STATEMENT | |
| Title | Lifelong Learning Policies for Young Adults in Europe |
| 246 ## - VARYING FORM OF TITLE | |
| Title proper/short title | Navigating between Knowledge and Economy |
| 264 #1 - PRODUCTION, PUBLICATION, DISTRIBUTION, MANUFACTURE, AND COPYRIGHT NOTICE | |
| Place of production, publication, distribution, manufacture | Bristol |
| Name of producer, publisher, distributor, manufacturer | Policy Press |
| Date of production, publication, distribution, manufacture, or copyright notice | 2019 |
| 300 ## - PHYSICAL DESCRIPTION | |
| Extent | 1 online resource (224 pages) |
| 336 ## - CONTENT TYPE | |
| Content type term | text |
| Content type code | txt |
| Source | rdacontent |
| 337 ## - MEDIA TYPE | |
| Media type term | computer |
| Media type code | c |
| Source | rdamedia |
| 338 ## - CARRIER TYPE | |
| Carrier type term | online resource |
| Carrier type code | cr |
| Source | rdacarrier |
| 520 ## - SUMMARY, ETC. | |
| Summary, etc. | Available Open Access under CC-BY-NC licence. This comprehensive collection discusses topical issues essential to both scholarship and policy making in the realm of lifelong learning (LLL) policies and how far they succeed in supporting young people across their life courses, rather than one-sidedly fostering human capital for the economy. Examining specific yet diverse regional and local contexts across Europe, this book uses original research to evaluate differences in scope, approach, orientation, and objectives. It examines the embedding of LLL policies into the regional economy, the labour market, education and training systems and the individual life projects of young people, with a focus on those in situations of near social exclusion. |
| 653 ## - INDEX TERM--UNCONTROLLED | |
| Uncontrolled term | Europe |
| 653 ## - INDEX TERM--UNCONTROLLED | |
| Uncontrolled term | Life Course Research |
| 653 ## - INDEX TERM--UNCONTROLLED | |
| Uncontrolled term | Lifelong Learning Policy |
| 653 ## - INDEX TERM--UNCONTROLLED | |
| Uncontrolled term | Vulnerability |
| 653 ## - INDEX TERM--UNCONTROLLED | |
| Uncontrolled term | Young Adults |
| 700 1# - ADDED ENTRY--PERSONAL NAME | |
| Personal name | Kovacheva, Siyka |
| 700 1# - ADDED ENTRY--PERSONAL NAME | |
| Personal name | Parreira do Amaral, Marcelo |
| 700 1# - ADDED ENTRY--PERSONAL NAME | |
| Personal name | Rambla, Xavier |
| 856 ## - ELECTRONIC LOCATION AND ACCESS | |
| Uniform Resource Identifier | <a href="https://library.oapen.org/bitstream/20.500.12657/23486/1/9781447350668.pdfhttps://policy.bristoluniversitypress.co.uk/lifelong-learning-policies-for-young-adults-in-europehttp://library.oapen.org/handle/20.500.12657/23486">https://library.oapen.org/bitstream/20.500.12657/23486/1/9781447350668.pdfhttps://policy.bristoluniversitypress.co.uk/lifelong-learning-policies-for-young-adults-in-europehttp://library.oapen.org/handle/20.500.12657/23486</a> |
| 942 ## - ADDED ENTRY ELEMENTS (KOHA) | |
| Koha item type | E-Book |
| Withdrawn status | Damaged status | Not for loan | Home library | Current library | Date acquired | Total Checkouts | Date last seen | Price effective from | Koha item type |
|---|---|---|---|---|---|---|---|---|---|
| Directory of Open Access Books | Directory of Open Access Books | 11/28/2022 | 11/28/2022 | 11/28/2022 | E-Book |